00421nam a2200169Ia 4500008004100000020001800041245002100059245004900080260001500129260001600144260000900160300001500169300002500184300001000209440002400219500000800243170705s9999 xx 000 0 und d a9780545253109 aMarch mischief / cRon Roy ; illustrated by John Steven Gurney. aNew York : bScholastic, c2010 a66 pages : bcolor illustration ; c19cm. aCalendar mysteries. a410